01170nam a2200289 a 450000100060000000300080000600500170001400800410003103500190007204000320009104100110012308200260013410000230016024500670018326000700025030000200032049000280034050000400036850501470040865000370055565000300059270000450062283000360066794200120070399900170071595201480073264274BD-RjUL20211209081304.0170226s1952 mau 001 0 eng d a(BD-RjUL)64404 aMNMcMNMdEQOdBD-RjULbeng0 aenggre 223a882.01bAEA 1952.0 aAeschylus.918712100aAeschylus /cwith an English translation by Herbert Weir Smyth aCambridge, Mass :bHarvard University Press,c1926 [reprint 1952] a527 p. ;c17 cm aLoeb classical library. aGreek and English on opposite pages0 aI. The suppliant maidens. The Persians. Prometheus bound. The seven against Thebes.--II. Agamemnon. The libation-bearers. Eumenides. Fragments aMythology, Greek vDrama9190888 aMythology, Greek.91908891 aSmyth, Herbert Weir,d1857-1937.9190890 0aLoeb classical library.9192627 2ddccBK c64274d64274 00102ddc40718NFICaRUCLbRUCLcReadingd1955-03-10eSimpkin Marshsll g15.00l0o882.01 AEA 1952.r2017-02-12 00:00:00tC-1w2017-02-12yBK